Holiday Quiz

Random Holiday or Easter Quiz

Easter egg hunt (Clickable) Quiz Stats

 Plays Quiz not verified by Sporcle

Challenge
Share
Tweet
Embed
Score 0/5 Timer 01:00
3 Plays Today
% Correct
Egg
96.3%
Egg
96.1%
Egg
95.9%
Egg
95.8%
Egg
95.6%

You're not logged in!

Compare scores with friends on all Sporcle quizzes.
OR
Log In

You Might Also Like...

Show Comments

Extras

Curator's Pick Mar 8, 2017ReportNominate
Tags:Clickable Quiz, Easter Quiz, egg, search

Top Quizzes Today


Score Distribution

Your Account Isn't Verified!

In order to create a playlist on Sporcle, you need to verify the email address you used during registration. Go to your Sporcle Settings to finish the process.

Report this User

Report this user for behavior that violates our Community Guidelines.

Details: